Actores y procesos no-estatales en las relaciones EEUU-América Latina /

El estudio de las relaciones entre Estados Unidos y América Latina se desarrolló tradicionalmente en dos corrientes con supuestos y orígenes intelectuales muy diversos. Por una parte, los estudios de historia diplomática y de ciencia política analizaron las relaciones de gobierno a gobierno y los me...

Descripción completa

Detalles Bibliográficos
Autor principal: Portales, Carlos
Formato: Analitica de revista
Lenguaje:español
Publicado: Santiago, Chile Academia de Humanismo Cristiano 1984
Materias:

MARC

LEADER 00000cab a2200000 a 4500
001 024500
003 UAHC_CL
005 20171121162620.0
008 140120s1984 cl 000 spa
952 |0 0  |1 0  |4 0  |6 ALTERNATIVAS_03_84_000000000000000  |7 0  |8 COMP  |9 48986  |a BC  |b BC  |c COMP  |d 2017-08-03  |l 0  |o ALTERNATIVAS-03/84  |r 2017-08-03 00:00:00  |t 1  |w 2017-08-03  |y REVA 
999 |c 24500  |d 24500 
040 |a UAHC_CL  |c UAHC_CL  |d UAHC_CL 
100 1 |a Portales, Carlos 
245 1 0 |a Actores y procesos no-estatales en las relaciones EEUU-América Latina /  |c Carlos Portales. 
260 |b Academia de Humanismo Cristiano  |c 1984  |a Santiago, Chile 
300 |a pp. 88-100 
310 |a Anual. 
362 0 |a No. 3 (may. - ago. 1984). 
500 |a En: Alternativas. no. 03, 1984. pp. 88-100. 
520 |a El estudio de las relaciones entre Estados Unidos y América Latina se desarrolló tradicionalmente en dos corrientes con supuestos y orígenes intelectuales muy diversos. Por una parte, los estudios de historia diplomática y de ciencia política analizaron las relaciones de gobierno a gobierno y los mecanismos de influencia disponibles para este tipo de relaciones, privilegiando el plano de los vínculos interestatales. Por otro lado, los análisis basados en la teoría del imperialismo enfatizaban las relaciones entre la sociedad norteamericana y las latinoamericanas derivadas de la expansión del capital estadounidense en América Latina. 
651 4 |a ESTADOS UNIDOS  |x RELACIONES EXTERIORES  |z AMERICA LATINA 
900 |a ALTERNATIVAS-03/84 
942 |c REVA  |2 ddc